Indovina la città italiana dall'immagine - 2 - Statistics

Statistiche generali
  • Questo quiz è stato fatto 290 volte
  • Il punteggio medio è 9 su 12
Statistiche sulle risposte
con Immagini Risposta % Corretto
Verona
90%
Roma
89%
Torino
89%
Sanremo
88%
Napoli
87%
Siena
77%
Genova
74%
Matera
72%
Milano
70%
Ferrara
53%
Padova
47%
Assisi
43%
Nessun quiz corrispondente trovato
Distribuzione punteggi
Percentuale di utenti per punteggio
Percentile per numero di risposta
I tuoi punteggi nel tempo
Non hai fatto questo quiz